10 państw najbliżej Bangladeszu - Statystyki

Ogólne statystyki
  • Ten quiz został rozwiązany 33 razy
  • Średni wynik to 10 z 10
Statystyki odpowiedzi
km Państwo % Poprawnych
92 Chiny
100%
0 Indie
100%
0 Mjanma
100%
24 Nepal
100%
1624 Sri Lanka
100%
42 Bhutan
97%
1021 Laos
97%
577 Tajlandia
97%
1768 Malezja
94%
1703 Indonezja
91%
Nie znaleziono quizów pasujących do podanych kryteriów
Rozkład punktacji
Procent ludzi z każdym wynikiem
Percentyl według liczby udzielonych odpowiedzi
Twoja historia wyników
Nie rozwiązałeś tego quizu